000
00216nam a2200097Ia 4500
008
120527s9999 xx 000 0 und d
100
_a
FATUBARIN, Ayo
245
_a
Genetics
260
_b
Higher Education
942
_c
BK
999
_c
25290
_d
25290